History Quiz

Random History or Biography Quiz

17th Century Names Match-Up Quiz Stats

Quiz Updated Jan 19, 2018

Challenge
Share
Tweet
Score 0/24 Timer 06:00
6 Plays Today
% Correct
William
98.6%
Isaac
97.9%
Galileo
96.4%
Oliver
92.1%
René
90.7%
Walter
87.1%
John
85.7%
Diego
82.2%
Francis
81.8%
Henry
78.7%
Cardinal
78.6%
Song
74.1%
% Correct
Blaise
68.9%
Christopher
68.5%
Johannes
66.5%
Tokugawa
65.9%
Gustavus
62.5%
Thomas
61.8%
Gottfried
60.8%
Mumtaz
57.8%
Samuel
54%
Anne
46.8%
Elizabeth
40%
Iskandar
35.2%

You're not logged in!

Compare scores with friends on all Sporcle quizzes.
Sign Up with Email
OR
Log In

You Might Also Like...

Show Comments

Extras

Top Quizzes Today


Score Distribution

Your Account Isn't Verified!

In order to create a playlist on Sporcle, you need to verify the email address you used during registration. Go to your Sporcle Settings to finish the process.

Report this User

Report this user for behavior that violates our Community Guidelines.

Details: